A 'Ton' of Science Quiz Stats

 Plays Quiz Updated Oct 18, 2019

Score 0/16 Timer 05:00
1 Play Today
% Correct
Endoskeleton
83.6%
Exoskeleton
83.5%
Proton
82.4%
Krypton
82.4%
Plankton
82.1%
Automaton
82%
Newton
81.5%
Megaton
76.9%
% Correct
Photon
76.1%
Triton
75.1%
Magneton
72.3%
Graviton
67.3%
Phyton
61.9%
Craton
59.9%
Dalton
59.1%
Exciton
58.5%

You're not logged in!

Compare scores with friends on all Sporcle quizzes.
OR
Log In

Sporcle TV

Today on Sporcle TV


Watch our educational content, quiz creation guides, and fun videos on Sporcle TV.

Show Comments

Extras

Top Quizzes Today


Score Distribution

Your Account Isn't Verified!

In order to create a playlist on Sporcle, you need to verify the email address you used during registration. Go to your Sporcle Settings to finish the process.

Report this User

Report this user for behavior that violates our Community Guidelines.

Details: